00379nam a2200145 i 450000100060000000300090000600500170001500700030003200800410003510000230007624500560009926000350015530000200019085200230021096443ES-MaACL20230906181920.0t|050627s1935 fr ||||1| fre d1 aMalègue, Joseph.10aAugustin ou le maître est láa / cJ. Malègue. aParis : bR. Bussiere, c1935. a2 v. ; c20 cm. aES-MaACLjA-3541-2